LEADER 01048nam--2200361---450 001 990002679340203316 005 20220412094917.0 010 $a88-7062-845-0 035 $a000267934 035 $aUSA01000267934 035 $a(ALEPH)000267934USA01 035 $a000267934 100 $a20051027d1993----km-y0itay0103----ba 101 $aita 102 $aIT 105 $a|||-||||001yy 200 1 $aDemetrio di Faro$eun protagonista dimenticato$fAlessandra Coppola 210 $aRoma$cL'Erma di Bretschneider$d1993 215 $a244 p.$d23 cm 225 2 $aProblemi e ricerche di storia antica$v15 410 0$12001$aProblemi e ricerche di storia antica$v15 454 1$12001 461 1$1001-------$12001 600 $aDemetrio di Faro 676 0 $a939.800994 700 1 $aCOPPOLA,$bAlessandra$0174467 801 0$aIT$bsalbc$gISBD 912 $a990002679340203316 951 $aXI.3. Coll.9/ 8(X A Coll. 14/15)$b180892 L.M.$cX A$d00128264 959 $aBK 969 $aUMA 996 $aDemetrio di Faro$9540025 997 $aUNISA LEADER 01285nam0-22003731i-450 001 990007028280403321 005 20221012150148.0 035 $a000702828 035 $aFED01000702828 035 $a(Aleph)000702828FED01 035 $a000702828 100 $a20020111d1951----km-y0itay50------ba 101 0 $afre 102 $aFR 105 $ay-------001yy 200 1 $aÉtudes sur le rôle de la pensée médiévale dans la formation du système cartésien$fÉtienne Gilson$e2. partie des Études de philosophie médiévale, revue et considérablement augmentée 210 $aParis$cLibrairie Philosophique J. Vrin$d1951 215 $a344 p.$d24 cm 225 1 $aÉtudes de philosophie médiévale$v13 676 $a340.1$v20$zita 676 $a189$v20$zita 700 1$aGilson,$bÉtienne$f<1884-1978>$0385532 801 0$aIT$bUNINA$gRICA$2UNIMARC 830 $aLa collocazione di Giurisprudenza è da controllare 901 $aBK 912 $a990007028280403321 952 $aXI DD 72$bIST. FIL. DIR.$fFGBC 952 $aXI F G 2 (4)$fDFD 952 $a5/IX H 12$bbibl.25915$fFLFBC 959 $aDFD 959 $aFGBC 959 $aFLFBC 996 $aEtudes sur le rôle de la pensée médiévale dans la formation du système cartésien$9277330 997 $aUNINA